Countries Closest to France - 15 Second Sprint - Statistics

General Stats
  • This quiz has been taken 52 times
  • The average score is 8 of 20
Answer Stats
km country miles % Correct
0 Spain 0
95%
0 Belgium 0
83%
0 Germany 0
83%
33 United Kingdom 21
83%
0 Italy 0
76%
0 Andorra 0
69%
61 Netherlands 38
60%
0 Switzerland 0
55%
0 Monaco 0
45%
412 Portugal 256
45%
432 Ireland 268
43%
0 Luxembourg 0
38%
148 Austria 92
19%
259 San Marino 161
14%
240 Vatican City 149
14%
150 Liechtenstein 93
7%
313 Czech Republic 195
5%
403 Croatia 251
0%
430 Slovenia 267
0%
450 Tunisia 280
0%
No matching quizzes found
Score Distribution
Percent of People with Each Score
Percentile by Number Answered
Your Score History
You have not taken this quiz